Central Library OPAC University of Rajshahi
Normal view MARC view

Entry Personal Name

Number of records used in: 4

001 - CONTROL NUMBER

  • control field: 5760

003 - CONTROL NUMBER IDENTIFIER

  • control field: BD-RjUL

005 - DATE AND TIME OF LATEST TRANSACTION

  • control field: 20221109102442.0

008 - FIXED-LENGTH DATA ELEMENTS

  • fixed length control field: 221109|| aca||aabn | a|a d

040 ## - CATALOGING SOURCE

  • Original cataloging agency: BD-RjUL
  • Transcribing agency: BD-RjUL

100 ## - HEADING--PERSONAL NAME

  • Personal name: RAHMAN, MD. SAJIDUR

670 ## - SOURCE DATA FOUND

  • Source citation: Work cat.: (BD-RjUL)80734: RAHMAN, MD. SAJIDUR, Monitoring and Analysis of Hydro-Environmental Condition in the North Western Part of Bangladesh and Development of a Satellite Based Aridity Assessment Algorithm :, 2008